000 00377nam a22001217a 4500
082 _a200 THE
100 _aUrooj Fatima
_970002
245 _aTH-SOF-1381- DESIGN OF A PASSICE VACUMUM PUMP FOR CAVUMM ASSISTED LOWER LIMB SOCKET
260 _aIslamabad
_bNUST College of EME
_c2017
650 _a MS-MTS-78 MSTHESIS
700 _aSupervisor Dr. Mohsin Islam Tiwana
942 _cCF
999 _c577062
_d577062